Sociologie urbaine (notice n° 2117538)
[ vue normale ]
| 000 -LEADER | |
|---|---|
| fixed length control field | 01333cam a2200145 4500500 |
| 005 - DATE AND TIME OF LATEST TRANSACTION | |
| control field | 20260405015717.0 |
| 041 ## - LANGUAGE CODE | |
| Language code of text/sound track or separate title | fre |
| 042 ## - AUTHENTICATION CODE | |
| Authentication code | dc |
| 100 10 - MAIN ENTRY--PERSONAL NAME | |
| Personal name | Grafmeyer, Yves |
| Relator term | author |
| 245 00 - TITLE STATEMENT | |
| Title | Sociologie urbaine |
| 260 ## - PUBLICATION, DISTRIBUTION, ETC. | |
| Name of publisher, distributor, etc. | Armand Colin,<br/> |
| Date of publication, distribution, etc. | 2015.<br/> |
| 520 ## - SUMMARY, ETC. | |
| Summary, etc. | La ville est aujourd’hui à la fois territoire et unité de vie collective, milieu et enjeu, cadre physique et nœud de relations entre les êtres sociaux. Ce livre montre comment les concepts et les méthodes de la sociologie peuvent être mobilisés pour l’étude de la vie urbaine. Cette dernière est saisie dans les tensions qui la traversent : tensions entre distance et proximité, entre localisation et mobilité, entre diversité et intégration, entre lignes de force qui commandent le devenir des villes et la gestion collective. Comment s’organisent de nos jours les coexistences en milieu urbain et la mise en cohérence des actions publiques ? À l’heure où les ancrages territoriaux des citadins se diversifient et où les espaces sociaux se fragmentent, dans quelle mesure la ville fait-elle encore société ? Cette 4e édition actualisée apporte toutes les réponses nécessaires. |
| 700 10 - ADDED ENTRY--PERSONAL NAME | |
| Personal name | Authier, Jean-Yves |
| Relator term | author |
| 856 41 - ELECTRONIC LOCATION AND ACCESS | |
| Uniform Resource Identifier | <a href="https://shs.cairn.info/sociologie-urbaine--9782200601706?lang=fr&redirect-ssocas=7080">https://shs.cairn.info/sociologie-urbaine--9782200601706?lang=fr&redirect-ssocas=7080</a> |
Pas d'exemplaire disponible.




Réseaux sociaux